书目信息 |
| 题名: |
新时代、新理论、新思维:哲学、政治与社会学卷
|
|
| 作者: | 王华生 主编 | |
| 分册: | ||
| 出版信息: | 郑州 河南大学出版社 2022.12 |
|
| 页数: | 370页 | |
| 开本: | 26cm | |
| 丛书名: | ||
| 单 册: | ||
| 中图分类: | B2-53 | |
| 科图分类: | ||
| 主题词: | 哲学--中国 | |
| 电子资源: | ||
| ISBN: | 7-5649-5394-2 | |
| 000 | 00657nam0 2200193 450 | |
| 001 | 2661492066 | |
| 005 | 20260407170729.37 | |
| 010 | @a7-5649-5394-2@dCNY87.25 | |
| 100 | @a20260407d2022 km y0chiy0120 ea | |
| 101 | 0 | @achi |
| 102 | @aCN@b410000 | |
| 200 | 1 | @a新时代、新理论、新思维:哲学、政治与社会学卷@AXin Shi Dai、Xin Li Lun、Xin Si Wei:Zhe Xue、Zheng Zhi Yu She Hui Xue Juan@f王华生主编@FWang Hua Sheng Zhu Bian |
| 210 | @a郑州@c河南大学出版社@d2022.12 | |
| 215 | @a370页@d26cm | |
| 606 | 0 | @a哲学@x中国 |
| 690 | @aB2-53@v4 | |
| 701 | 0 | @a王华生@AWang Hua Sheng@4主编 |
| 801 | 0 | @aCN@b大连网信软件有限公司图书馆·11@c20260407 |
| 905 | @aZUCC@dB2-53@e297 | |
| 新时代、新理论、新思维:哲学、政治与社会学卷/王华生主编.-郑州:河南大学出版社,2022.12 |
| 370页;26cm |
| ISBN 7-5649-5394-2:CNY87.25 |
| ● |
| 相关链接 |
|
|
|
|
正题名:新时代、新理论、新思维:哲学、政治与社会学卷
索取号:B2-53/297
 
预约/预借
| 序号 | 登录号 | 条形码 | 馆藏地/架位号 | 状态 | 备注 |
| 1 | 1442479 | 214424791 | 第一样本阅览室/ [索取号:B2-53/297] | 在馆 |